000 01309cam a2200373 i 4500
999 _c65697
_d65697
001 768714001
003 CO-MdFUSB
005 20200724112532.0
007 ta
008 740507s1974 ilu b 001 0 eng
010 _a 73085127
020 _a0840130791
040 _aDLC
_cCO-MdFUSB
_dDLC
_dCO-MdFUSB
_bspa
_erda
041 _aeng
082 0 0 _223
_a222.3209
_bM468
100 1 _aMayes, A. D. H.
_eautor
245 1 0 _aIsrael in the period of the judges
_c/ A. D. H. Mayes.
264 1 _aNaperville :
_bA.R. Allenson,
_c[1974]
264 4 _c© 1974
300 _a156 páginas.
_c22 cm.
336 _2rdacontent
_atexto
_btxt
337 _2rdamedia
_asin mediación
_bn
338 _2rdacarrier
_avolumen
_bnc
490 _aStudies in Biblical Theology
504 _aBibliography: p. [140]-147.
505 _aI. La teoría de la anfictionía - II. La anfitonía israelita - Las listas tribales - El santuario central - El juez de Israel - Las fronteras tribales - Guerra en el período de los jueces - III. Israel en el período de los jueces - IV. Conclusión.
563 _aTapa dura
630 7 _aBiblia.
_pJueces
_xCrítica, interpretación, etc.
651 7 _aIsrael
_xHistoria
942 _cBK
945 _aJTF-925
_bAEM-53